000 00522nam a2200181Ia 4500
999 _c8100
_d8100
003 OSt
005 20191228100859.0
008 190216s9999||||xx |||||||||||||| ||und||
020 _a9788181523082
040 _coclc
082 _a658.072
_bKAP/R
100 _aKapoor R D
_9871
245 0 _aResearch Methodology In Commerce And Management /
_c R D Kapoor
260 _bBook Enclave Inida
_c2013
_aJaipur
300 _a302p
650 _aCommerce
942 _cBK
_2ddc
_h658.072
_iKAP/R
_k658.072
_mKAP/R